000 00408nam a22001697a 4500
003 koha_MIRAKIL
005 20231213095807.0
008 231213b |||||||| |||| 00| 0 ||| d
040 _aTR-IsEVY
_btur
_cTR-IsEVY
082 _a843 BAL/V
100 _aHonoré de Balzac.
245 0 _aVadideki zambak.
260 _b[s.n.],
_c2009
300 _a[ ] p.
650 _aFransız Edebiyatı.
942 _2ddc
_cBK
999 _c9544
_d9544